Statistics for Vowel Vocabulary (EA-EZ)

Click here to take the quiz!

General Stats

  • This quiz has been taken 391 times
  • The average score is 21 of 26

Answer Stats

HintAnswer% Correct
EPChapter of a TV showEpisode
99%
EGPerson from CairoEgyptian
97%
EJForcibly throw outEject
97%
ELTrunked animalElephant
97%
EEWeirdly spookyEerie
96%
ETEverlastingEternal
96%
EASecretly listen inEavesdrop
94%
EMHug warmlyEmbrace
94%
EBDense, dark woodEbony
93%
EOA billion yearsEon
92%
ERGradually wear awayErode
91%
EUFuneral tributeEulogy
91%
EVAdapt over timeEvolve
90%
ENGiganticEnormous
89%
ESSnail, eaten as foodEscargot
88%
EZOld Testament prophetEzekiel
81%
EYLooked at with interestEyed
79%
EXDig up corpse after burialExhume
76%
EHQuestioning exclamationEh?
75%
EINumber between 9 and 79Eighteen
72%
EFSculpture of a personEffigy
70%
EDSmall whirlpoolEddy
69%
EKJust barely support oneselfEke
64%
ECSpiny anteaterEchidna
53%
EWLarge jugEwer
53%
EQFair and impartialEquitable
38%

Score Distribution

Percentile by Number Answered

Percent of People with Each Score

Your Score History

You have not taken this quiz